[Event "Olympiad-32"]
[Site "Yerevan"]
[Date "1996.09.20"]
[Round "5.1"]
[White "Dao, Thien Hai"]
[Black "Tisdall, Jonathan D"]
[Result "1/2-1/2"]
[WhiteElo "2535"]
[BlackElo "2515"]
[Annotator "Tisdall,J"]
[PlyCount "123"]
[EventDate "1996.09.15"]
[EventType "team-swiss"]
[EventRounds "14"]
[EventCountry "ARM"]
[SourceTitle "CBM 055"]
[Source "ChessBase"]
[SourceDate "1996.12.01"]
[SourceVersion "1"]
[SourceVersionDate "1996.12.01"]
[SourceQuality "1"]
[WhiteTeam "Vietnam"]
[BlackTeam "Norway"]
[WhiteTeamCountry "VIE"]
[BlackTeamCountry "NOR"]

1. d4 Nf6 2. c4 e6 3. Nc3 Bb4 4. Bg5 h6 5. Bh4 c5 6. d5 Bxc3+ 7. bxc3 d6 8. e3
e5 9. Nf3 Qe7 10. Nd2 (10. Qc2 {Informator 59/(576)}) 10... g5 11. Bg3 Bf5 $5 {
Black wishes both to control this diagonal and to provoke e4 by white, which
will make it easier to create counterplay for black. The drawback is that b7
becomes slightly weaker than normal.} 12. Qb3 Kd8 13. Be2 (13. h4 $5) (13. f3
Kc7 14. e4 Bc8 {is more or less what black would like. This method of
defending b7 is more economical than the one I must adopt in the game.}) 13...
Kc7 14. f3 Nbd7 {After this black is committed to a very cumbersome method of
defending b7, but there are several bonuses. On the h7-b1 diagonal the bishop
is very active, and while blacks rooks will be very passive, they are
defending against a queen and rook, so that the balance of power expended on
the queenside is not necessarily disadvantageous for black either.} 15. e4 Bg6
16. Rb1 Rhb8 17. Bf2 Nh5 18. g3 (18. h4 $5) 18... f5 {<=> e4, g4} 19. Bd3 fxe4
{/\ ><e4} (19... f4 $5 $13 {is a much safer alternative, when it is not easy
for me to see how white develops any initiative. However, I wanted to sharpen
play.}) 20. fxe4 {/\ |^ <->f} Nhf6 21. O-O Qh7 22. Qa4 (22. Rfe1 Ng4 $132) (22.
Qc2 Ng4 {/\ Rf8}) 22... Nxe4 $1 {This is very risky, but if it works black is
simply better.} 23. Nxe4 (23. Qc2 Nxd2 24. Bxg6 Qg7 $17) 23... Bxe4 24. Bxe4
Qxe4 25. Rbe1 (25. Bxc5 $5 {seemed to me to be the critical line. Some
interesting variations:} Nxc5 $2 {looks much safer but in fact meets with a
tactical refutation:} (25... dxc5 $1 26. d6+ (26. Rxb7+ $4 Rxb7 27. Qc6+ Kb8
28. Qd6+ Rc7 $19) 26... Kd8 27. Rbe1 Qc6 $6 (27... Qg6 $5 28. Rxe5 Qxd6 $1 29.
Rd5 (29. Rd1 Qc6) 29... Qc6 30. Qa3 $1 Ke7 $1 $17 {This seems to be good for
black, but naturally during the game it was hard to be sure.}) 28. Qd1 $132 {
|_ Ra8, Rb8}) 26. Rxb7+ $3 Rxb7 (26... Kxb7 27. Qc6#) (26... Nxb7 27. Rf7+) 27.
Qc6+ Kd8 28. Qxd6+ $18) 25... Qg6 26. Qa5+ b6 27. Qb5 a6 28. Qc6+ Kd8 29. Be3
Rc8 (29... b5 $2 30. Bxc5 $1 Nxc5 31. Rxe5 Nd7 32. Re6 $16) 30. Qa4 b5 31. Qd1
$1 {/\ ><e6, g5} (31. cxb5 axb5 32. Qxb5 Rxa2) 31... Ke7 $1 {Black prevents
counterplay by guarding e6 and preparing exchanges on the f-line.} (31... Nb6
$5 32. Qf3 $5 {/\} Nxc4 $6 33. Qf7 Qxf7 34. Rxf7 Nb6 35. h4 Nxd5 36. hxg5 $132)
32. Qg4 Rf8 33. h4 Rxf1+ 34. Rxf1 Rf8 35. hxg5 Rxf1+ 36. Kxf1 h5 {/\ ץe3} 37.
Qe2 Qf5+ (37... bxc4 38. Qxc4 Qc2 39. Qb3 $132) (37... Qe4 $5) 38. Kg2 Qg4 39.
Qc2 Nf8 40. cxb5 axb5 41. Qf2 Nd7 42. Qc2 e4 43. Bf4 Qf3+ 44. Kh2 Nb6 45. Qb2
$1 {A very resourceful move that greatly complicates black's task of trying to
keep the game technical.} (45. g6 Nxd5 46. Bg5+ Ke6 $1 47. Qb3 (47. g7 Kf7 48.
Qb3 Qe2+ 49. Kg1 Qd3) 47... Qf2+ 48. Kh1 Qxg3 $19) 45... e3 46. c4 $5 (46. Qxb5
Qf2+ 47. Kh3 Qg1 $1 (47... e2 48. Qxb6 $10) 48. Bxd6+ $1 (48. Qe2 $2 Qh1+ 49.
Qh2 Qf1+ 50. Qg2 e2) 48... Kf7 49. g6+ Kf6 $1 50. Be7+ (50. Be5+ Kf5 51. Qe2
Qh1+ 52. Qh2 Qf1+ 53. Kh4 (53. Qg2 e2 54. g7 e1=Q 55. g8=Q Qh1+ 56. Qh2 Qef1+)
53... Kxe5) 50... Kg7 $1 51. Qe2 Qh1+ 52. Qh2 Qf1+ 53. Kh4 e2) 46... Qf2+ 47.
Qxf2 exf2 48. Kg2 Nxc4 {During the game I was very reluctant to play} (48...
bxc4 {and allow white a passed a-pawn. My first reaction afterwards was that I
should have risked this and had faith in the compact mass of c- and d-pawns,
but now I think I was right to be careful. Variations like} 49. g6 Nxd5 50.
Bg5+ Ke6 51. a4 $1 (51. Kxf2 Nc3) 51... c3 52. Kxf2 Nb4 53. Ke2 d5 54. g7 Kf7
55. Be7 (55. Bf6 d4 56. a5) 55... Na6 (55... d4 56. Bxc5 d3+ 57. Kd1) 56. Bf6
d4 57. Kd3 {illustrate that black's pawns are not nearly as dangerous as they
look:} Nb4+ 58. Kc4 c2 59. Bg5 Na2 60. a5) 49. Kxf2 Nb6 50. g6 Nxd5 51. g7 Kf7
52. Bxd6 c4 53. Bf8 b4 $2 $138 {A very nervous move in time trouble. I was
concerned that} (53... Nc7 54. Kf3 Ne6 {would be insufficient to win due to
white's active king, but this is not correct.} 55. Bb4 Nxg7 $1 $17 56. Ke4 $6 (
56. Kf4 $1 {as Dao intended was correct, when he can get counterplay by
keeping his king in contact with g5, and by keeping the chance of g4 alive.
However, there is absolutely no risk for black even if the technical problems
are still substantial.}) 56... Ke6 57. Be1 (57. Kf4 Nf5 58. Be1 Nd4) 57... Nf5
{gives white too many problems - guarding g3, monitoring the c-pawn and having
to guard entry squares for the knight.} 58. a3 Kf6 59. Kf4 (59. Kd5 Kg5 60. Kc5
Nxg3 61. Kxb5 (61. Bxg3 c3 62. Be1 (62. Be5 c2 63. Bb2 h4) 62... c2 63. Bd2+
Kg4 64. Kd4 Kf3) 61... h4 62. a4 (62. Kxc4 Kg4 63. Bf2 Kf3 64. Bg1 Kg2) 62...
c3) 59... Kg6 60. Bd2 Nd4 $1) 54. Ke1 b3 55. axb3 cxb3 56. Kd2 $10 Ne3 57. Kc3
Nf5 58. Kxb3 Nxg3 59. Kc2 h4 60. Bd6 Kxg7 61. Kd1 Kg6 62. Bxg3 1/2-1/2